ضباط الجيش : (Record no. 15727)
[ view plain ]
| 000 -الفاتح | |
|---|---|
| حقل البيانات ثابتة الطول | 00848nam a22001817a 4500 |
| 008 - عناصر البيانات ثابتة الطول - معلومات عامة | |
| حقل البيانات ثابتة الطول | 110725s1990 ua|||||r|||| 00| 0 ara d |
| 020 ## - الرقم الدولى المعيارى للكتب | |
| الرقم الدولى المعيارى للكتاب | 9775140031 |
| 082 ## - رقم تصنيف ديوى العشرى | |
| رقم الطبعة | 22 |
| رقم التصنيف | 355.332956 |
| رقم المادة | ب ع ي |
| 100 ## - المدخل الرئيسى - إسم شخصى | |
| 9 (RLIN) | 26400 |
| الإسم الشخصى | بعيري، إليعازر |
| 245 ## - بيان العنوان | |
| العنوان | ضباط الجيش : |
| بقية العنوان | في السياسة والمجتمع العربي / |
| بيان المسئوليه,etc | اليعازر بعيري ؛ ترجمة بدر الرفاعي |
| 260 ## - PUBLICATION, DISTRIBUTION, ETC. (IMPRINT) | |
| مكان الناشر او الموزع | القاهرة : |
| اسم الناشر او الموزع | سينا للنشر، 1990 |
| تاريخ النشر أو التوزيع | 1990 |
| 300 ## - الوصف المادى | |
| التعداد | 499 ص ؛ |
| أبعاد الوعاء | 22 سم |
| 504 ## - تبصرة ببليوجرافية | |
| تبصرة ببليوجرافية,الخ | يحتوي على إرجاعات ببليوجرافية ص 499 |
| 650 ## - المدخل الاضافى بالموضوع-مصطلح موضوعى | |
| 9 (RLIN) | 26401 |
| مصطلح موضوعي أو اسم جغرافي كعنصر مدخل | القوات المسلحة |
| التقسيم الفرعي الجغرافي | العالم العربي |
| 653 ## - مصطلح تكشيفى غير مقيد | |
| Resource For college | |
| Arrived date list | July2011 |
| 942 ## - عناصر المدخل الإضافي( كوها) | |
| مصدر التصنيف او مخطط الترفيف | Dewey Decimal Classification |
| Koha [default] item type | Book - Borrowing |
| حالة التراجع | حالة الفقد | مصدر التصنيف او خطة الترفيف | حالة تلف | ليس للاعارة | مجموعات كوها | المكان الدائم | المكان الحالي | موقع الترفيف | تاريخ الاكتساب | Source of acquisition | رقم الاستدعاء | الباركود | Date last seen | مُعار | نوع الوعاء |
|---|---|---|---|---|---|---|---|---|---|---|---|---|---|---|---|
| Dewey Decimal Classification | Alef-Baa | Central Library | Central Library | First floor | 25/07/2011 | 355.332956 ب ع ي | 000024431 | 15/07/2025 | 07/11/2013 | Book - Borrowing |